Statistics for Sharps and Flats for each Scale

Click here to take the quiz!

General Stats

  • This quiz has been taken 5 times
  • The average score is 7 of 15

Answer Stats

HintAnswer% Correct
FB flat
100%
GF sharp
75%
B flatB flat E flat
50%
E flatB flat E flat A flat
50%
A flatB flat E flat A flat D flat
50%
D flatB flat E flat A flat D flat G flat
50%
DF sharp C sharp
50%
Cnone
50%
G flatB flat E flat A flat D flat G flat C flat
25%
C flatB flat E flat A flat D flat G flat C flat F flat
25%
AF sharp C sharp G sharp
25%
EF sharp C sharp G sharp D sharp
25%
BF sharp C sharp G sharp D sharp A sharp
25%
F sharpF sharp C sharp G sharp D sharp A sharp E sharp
25%
C sharpF sharp C sharp G sharp D sharp A sharp E sharp B sharp
25%

Score Distribution

Percentile by Number Answered

Percent of People with Each Score

Your Score History

You have not taken this quiz